Quiz sur la Fondue - Statistiques

Statistiques générales
  • Ce quiz a été pris 505 fois
  • Le résultat moyen est 11 sur 20
Statistiques - réponses
Info Ingredients % Correct
Trois ingrédients piliers Fromage
98%
Au bout de la fourchette Pain
96%
Pays d'origine Suisse
89%
Trois ingrédients piliers Vin blanc
89%
Nombre de dents qu'a la fourchette Trois
86%
Féculent sur lequel la fondue est versée Pomme de terre
84%
Condiment frotté en son fond Ail
77%
Dans de l'huile brûlante Fondue bourguignonne
67%
Ce qui est fondu pour une sucrée Chocolat
65%
Variante française Fondue savoyarde
65%
Nom traditionnel de la casserole Caquelon
46%
Fines tranches dans un bouillon Fondue chinoise
45%
Appareil qui permet de garder la fondue chaude Réchaud
43%
Dans les Bronzés font du ski uniquement Fil dentaire
37%
Canton d'où elle serait originaire Fribourg
33%
Trois ingrédients piliers Amidon de maïs
27%
La plus typique: Gruyère et Vacherin Moitié-moitié
24%
Croûte résiduelle qui reste attachée en son fond Religieuse
22%
Volaille trempée de panure puis cuite dans l'huile Fondue bressane
21%
Dans du vin blanc Fondue vigneronne
12%
Aucun quiz correspondant
Distribution des résultats
% des personnes avec chaque résultat
Percentile par nombre de réponses
Votre historique - résultats
Vous n’avez pas pris ce quiz